Normal view
MARC view
- MORRISON,ALISON LASHLEY CONRAD
Entry Personal Name
001 - CONTROL NUMBER
- control field: 90596
003 - CONTROL NUMBER IDENTIFIER
- control field: NUST
005 - DATE AND TIME OF LATEST TRANSACTION
- control field: 20220311164323.0
008 - FIXED-LENGTH DATA ELEMENTS
- fixed length control field: 220311|| aca||aabn | a|a d
040 ## - CATALOGING SOURCE
- Original cataloging agency: NUST
- Transcribing agency: NUST
100 ## - HEADING--PERSONAL NAME
- Personal name: MORRISON,ALISON LASHLEY CONRAD
670 ## - SOURCE DATA FOUND
- Source citation: Work cat.: (NUST): MORRISON,ALISON LASHLEY CONRAD., FRANCHISING HOSPITALITY SERVICE /, 2007.
